00270nam a2200097Ia 4500008004100000082001100041245008000052260001800132300000700150650001500157221030s9999 xx 000 0 und d a105.23 0aTo Study the Effectiveness of Recruitment & Selection Process at J & K Bank bJK Bankc2009 a77 aManagement